[Event "SVK-ch Amateurs"]
[Site "Topolcany"]
[Date "2021.08.07"]
[Round "3"]
[White "Holly, Andrej"]
[Black "Sorkovsky, Miroslav"]
[Result "1-0"]
[WhiteElo "2027"]
[BlackElo "2143"]
[PlyCount "95"]
[EventDate "2021.08.06"]
[EventType "swiss"]
[EventRounds "7"]
[EventCountry "SVK"]
[SourceTitle "EXT 2022"]
[Source "ChessBase"]
[SourceDate "2021.10.06"]
[SourceVersion "1"]
[SourceVersionDate "2021.10.06"]
[SourceQuality "1"]

1. e4 c5 2. Nf3 d6 3. d4 cxd4 4. Nxd4 Nf6 5. Nc3 a6 6. Be2 e5 7. Nf3 h6 8. Nd2 Qc7 9. Nc4 Be6 10. Ne3 Nbd7 11. 0-0 Rc8 12. a4 Nc5 13. Ncd5 Bxd5 14. Nxd5 Nxd5 15. Qxd5 Nd7 16. c3 Nf6 17. Qd3 Qc6 18. Re1 Be7 19. Bd1 0-0 20. a5 Nh7 21. Bb3 Bg5 22. Bxg5 Nxg5 23. Rad1 Rfd8 24. Qb1 Qc7 25. Qa2 Qe7 26. Re3 Ne6 27. g3 Nc5 28. Bd5 Rc7 29. Rf3 Ne6 30. Qa3 Qe8 31. Qb4 Nc5 32. Qb6 Re7 33. b4 Ne6 34. Bxe6 fxe6 35. Rfd3 d5 36. exd5 exd5 37. Rxd5 Rxd5 38. Rxd5 Rd7 39. Qc5 Re7 40. Qc4 Kh7 41. Qe4+ Qg6 42. Qxg6+ Kxg6 43. Kg2 Kf6 44. Rd6+ Kf5 45. Kf3 Rc7 46. g4+ Kg5 47. Kg3 Rxc3+ 48. f3 1-0

[Event "SVK-ch Amateurs"]
[Site "Topolcany"]
[Date "2021.08.06"]
[Round "1"]
[White "Sliva, Frantisek"]
[Black "Sorkovsky, Miroslav"]
[Result "0-1"]
[WhiteElo "1778"]
[BlackElo "2143"]
[PlyCount "108"]
[EventDate "2021.08.06"]
[EventType "swiss"]
[EventRounds "7"]
[EventCountry "SVK"]
[SourceTitle "EXT 2022"]
[Source "ChessBase"]
[SourceDate "2021.10.06"]
[SourceVersion "1"]
[SourceVersionDate "2021.10.06"]
[SourceQuality "1"]

1. d4 Nf6 2. e3 d5 3. Bd3 c5 4. c3 Nc6 5. Nf3 Bg4 6. h3 Bh5 7. Nbd2 e6 8. 0-0 Be7 9. dxc5 Bxc5 10. b4 Be7 11. Bb2 0-0 12. Be2 a6 13. a3 b5 14. Nd4 Bxe2 15. Qxe2 Nxd4 16. cxd4 Ne4 17. Nxe4 dxe4 18. Rfd1 Qd5 19. Rdc1 Rfc8 20. Rxc8+ Rxc8 21. Rc1 Rxc1+ 22. Bxc1 Qc6 23. Bb2 g6 24. Qd2 Kf8 25. Qc3 Qxc3 26. Bxc3 Ke8 27. Kf1 Kd7 28. Ke2 Kc6 29. f3 f5 30. Kd2 Kd5 31. Kc2 Kc4 32. fxe4 fxe4 33. g4 Bh4 34. Bd2 Bf2 35. Bc1 Be1 36. Bb2 h6 37. d5 exd5 38. Bd4 Bf2 39. Bc5 d4 40. Bxd4 Be1 41. Bb6 Bc3 42. Ba7 Be5 43. Bb6 Bg3 44. Ba7 Bc7 45. Bd4 a5 46. Bc5 axb4 47. Bxb4 Bb6 48. Bd2 Bc5 49. Bc1 h5 50. a4 bxa4 51. gxh5 gxh5 52. Bd2 Bb4 53. Bc1 a3 54. h4 Be7 0-1

[Event "SVK-ch Rapid"]
[Site "Modra"]
[Date "2021.06.12"]
[Round "5"]
[White "Sorkovsky, Miroslav"]
[Black "Vadila, Ondrej"]
[Result "1-0"]
[WhiteElo "2143"]
[BlackElo "2034"]
[PlyCount "63"]
[EventDate "2021.06.12"]
[EventType "swiss (rapid)"]
[EventRounds "9"]
[EventCountry "SVK"]
[SourceTitle "EXT 2022"]
[Source "ChessBase"]
[SourceDate "2021.10.06"]
[SourceVersion "1"]
[SourceVersionDate "2021.10.06"]
[SourceQuality "1"]

1. e4 c5 2. Nc3 g6 3. f4 Bg7 4. Nf3 d6 5. Bb5+ Nd7 6. 0-0 a6 7. Bxd7+ Bxd7 8. d3 Bg4 9. h3 Bxf3 10. Qxf3 Qa5 11. Bd2 0-0-0 12. Rab1 e6 13. Kh1 Ne7 14. a3 Nc6 15. Qd1 Qc7 16. Ne2 Nd4 17. Nxd4 cxd4 18. c4 dxc3 19. Bxc3 Bxc3 20. bxc3 Kd7 21. Qa4+ Ke7 22. f5 Qd7 23. f6+ Ke8 24. Qb4 Rb8 25. d4 h5 26. e5 d5 27. Rfc1 b5 28. a4 Kd8 29. axb5 axb5 30. c4 dxc4 31. Rxc4 Re8 32. Qa5+ 1-0

[Event "SVK-chT1E 1920"]
[Site "Slovakia"]
[Date "2020.06.20"]
[Round "10.5"]
[White "Holly, Andrej"]
[Black "Sorkovsky, Miroslav"]
[Result "0-1"]
[WhiteElo "2009"]
[BlackElo "2143"]
[PlyCount "74"]
[EventDate "2019.10.12"]
[EventType "team-tourn"]
[EventRounds "11"]
[EventCountry "SVK"]
[SourceTitle "EXT 2022"]
[Source "ChessBase"]
[SourceDate "2021.10.06"]
[SourceVersion "1"]
[SourceVersionDate "2021.10.06"]
[SourceQuality "1"]
[WhiteTeam "Liptov Chess School II"]
[BlackTeam "Banska Bystrica Junior"]
[WhiteTeamCountry "SVK"]
[BlackTeamCountry "SVK"]

1. c4 e5 2. g3 Nf6 3. Bg2 h6 4. Nc3 Bb4 5. e4 Bxc3 6. dxc3 d6 7. Qe2 0-0 8. Nf3 a6 9. a4 a5 10. Nd2 Na6 11. Nf1 Nc5 12. Qc2 Bd7 13. Be3 b6 14. Bxc5 bxc5 15. Ne3 Rb8 16. 0-0 Qc8 17. f4 Re8 18. Qf2 exf4 19. Qxf4 Rxb2 20. Nd5 Bh3 21. Nxf6+ gxf6 22. Rf2 Rxf2 23. Kxf2 Bxg2 24. Kxg2 Qe6 25. Re1 f5 26. Kf3 Qxc4 27. Qxf5 Qxc3+ 28. Re3 Qe5 29. Qg4+ Qg5 30. Qd7 Re7 31. Qb5 f5 32. e5 Qg4+ 33. Kg2 Qd4 34. exd6 Rxe3 35. dxc7 Qe4+ 36. Kh3 Qg4+ 37. Kg2 Re2+ 0-1

[Event "SVK-chT 1718"]
[Site "Slovakia"]
[Date "2018.03.04"]
[Round "11.4"]
[White "Sorkovsky, Miroslav"]
[Black "Piesik, Piotr"]
[Result "0-1"]
[WhiteElo "2180"]
[BlackElo "2357"]
[PlyCount "42"]
[EventDate "2017.09.30"]
[EventType "team-tourn"]
[EventRounds "11"]
[EventCountry "SVK"]
[SourceTitle "EXT 2019"]
[Source "ChessBase"]
[SourceDate "2018.10.10"]
[SourceVersion "1"]
[SourceVersionDate "2018.10.10"]
[SourceQuality "1"]
[WhiteTeam "Banska Bystrica Junior"]
[BlackTeam "Dubnica nad Vahom"]
[WhiteTeamCountry "SVK"]
[BlackTeamCountry "SVK"]

1. e4 g6 2. Nc3 Bg7 3. f4 c6 4. Nf3 d5 5. e5 d4 6. Ne4 Bf5 7. Ng3 Be6 8. Ng5 Bd5 9. c4 dxc3 10. dxc3 f6 11. Nf3 Nd7 12. c4 Bf7 13. Qe2 fxe5 14. Ng5 Nh6 15. Nxf7 Nxf7 16. f5 Nf6 17. Bd2 Qd7 18. fxg6 hxg6 19. 0-0-0 0-0-0 20. h3 Rh4 21. Be3 Rxc4+ 0-1

[Event "SVK-chT 1718"]
[Site "Slovakia"]
[Date "2018.01.06"]
[Round "7.1"]
[White "Sorkovsky, Miroslav"]
[Black "Schwarz, Dusan"]
[Result "0-1"]
[WhiteElo "2180"]
[BlackElo "2306"]
[PlyCount "102"]
[EventDate "2017.09.30"]
[EventType "team-tourn"]
[EventRounds "11"]
[EventCountry "SVK"]
[SourceTitle "EXT 2019"]
[Source "ChessBase"]
[SourceDate "2018.10.10"]
[SourceVersion "1"]
[SourceVersionDate "2018.10.10"]
[SourceQuality "1"]
[WhiteTeam "Banska Bystrica Junior"]
[BlackTeam "Modra"]
[WhiteTeamCountry "SVK"]
[BlackTeamCountry "SVK"]

1. e4 e5 2. Nf3 Nc6 3. Bb5 a6 4. Ba4 Nf6 5. Qe2 Be7 6. c3 b5 7. Bb3 d6 8. d3 0-0 9. Nbd2 Na5 10. Bc2 c5 11. Nf1 Nc6 12. Ng3 Re8 13. 0-0 Bf8 14. a4 Bd7 15. axb5 axb5 16. Rxa8 Qxa8 17. Nh4 Be6 18. Bg5 Nd7 19. Nhf5 f6 20. Bc1 Nd8 21. d4 Bc4 22. Bd3 Bxd3 23. Qxd3 c4 24. Qf3 g6 25. Ne3 exd4 26. cxd4 Ne6 27. Rd1 Bg7 28. Qg4 Qa7 29. h4 Ndf8 30. Nd5 Qb7 31. Nf4 Nxf4 32. Bxf4 d5 33. exd5 Qxd5 34. h5 f5 35. Qf3 Qxf3 36. gxf3 Ne6 37. Be5 Bxe5 38. dxe5 Nf4 39. hxg6 hxg6 40. Rd4 Nd3 41. Rd6 Rxe5 42. Rxg6+ Kf7 43. Rg5 Kf6 44. Rh5 Nxb2 45. f4 Re1+ 46. Kg2 b4 47. Nxf5 Nd3 48. Kf3 b3 49. Ne3 b2 50. Nd5+ Kf7 51. Nc3 Rc1 0-1

[Event "Tatry op"]
[Site "Tatranska Lomnica"]
[Date "2017.10.09"]
[Round "3"]
[White "Jossien, Arnaud"]
[Black "Sorkovsky, Miroslav"]
[Result "1-0"]
[WhiteElo "2325"]
[BlackElo "2180"]
[PlyCount "145"]
[EventDate "2017.10.08"]
[EventType "swiss"]
[EventRounds "9"]
[EventCountry "SVK"]
[SourceTitle "CBM 181 Extra"]
[Source "ChessBase"]
[SourceDate "2017.12.12"]
[SourceVersion "1"]
[SourceVersionDate "2017.12.12"]
[SourceQuality "1"]

1. d4 Nf6 2. Nf3 e6 3. Bf4 c5 4. e3 b6 5. Nc3 d5 6. Nb5 Na6 7. Ne5 Bb7 8. c3 Be7 9. Ng4 Nxg4 10. Qxg4 g5 11. Be5 h5 12. Qg3 h4 13. Qf3 Rh6 14. h3 f6 15. Bh2 Qd7 16. a4 Bc6 17. b3 Rc8 18. Bd3 Nb8 19. 0-0 a6 20. Na3 Bd6 21. Qe2 Bxh2+ 22. Kxh2 Qd6+ 23. f4 Bb7 24. Kh1 Ke7 25. fxg5 fxg5 26. c4 Rf8 27. Rxf8 Kxf8 28. Rf1+ Kg7 29. cxd5 Bxd5 30. Nc4 Bxc4 31. bxc4 cxd4 32. Qg4 Qe5 33. exd4 Qe3 34. Rf3 Qc1+ 35. Kh2 Rf6 36. d5 Rxf3 37. Qxf3 exd5 38. Qxd5 Qf4+ 39. Kg1 Qe3+ 40. Kf1 Qf4+ 41. Ke2 Kf6 42. Qd8+ Kf7 43. Qxb6 Qe5+ 44. Qe3 Ke6 45. Qxe5+ Kxe5 46. Kf3 Nd7 47. Be4 a5 48. Bc6 Nc5 49. Ke3 Kd6 50. Be8 Ke5 51. Bb5 Ne6 52. Be8 Nc5 53. Kf3 Kf5 54. Bc6 Ke5 55. Kg4 Kf6 56. Kh5 Ne6 57. Kh6 Nc5 58. Kh7 Nd3 59. Kg8 Ne5 60. Bb5 Nd3 61. Kf8 Nf4 62. Bc6 Nd3 63. Ke8 Nb2 64. Bb5 Nd3 65. Kd7 Ke5 66. Kc6 Nf4 67. c5 Nxg2 68. Kb7 g4 69. hxg4 h3 70. Bf1 Kf4 71. c6 Kg3 72. c7 h2 73. Bxg2 1-0

[Event "SVK-chT1E 1617"]
[Site "Slovakia"]
[Date "2017.03.19"]
[Round "11.1"]
[White "Sorkovsky, Miroslav"]
[Black "Zambor, Norbert"]
[Result "1/2-1/2"]
[WhiteElo "2172"]
[BlackElo "2306"]
[PlyCount "38"]
[EventDate "2016.10.15"]
[EventType "team-tourn"]
[EventRounds "11"]
[EventCountry "SVK"]
[SourceTitle "EXT 2019"]
[Source "ChessBase"]
[SourceDate "2018.10.10"]
[SourceVersion "1"]
[SourceVersionDate "2018.10.10"]
[SourceQuality "1"]
[WhiteTeam "Banska Bystrica Junior"]
[BlackTeam "Margecany Eltra"]
[WhiteTeamCountry "SVK"]
[BlackTeamCountry "SVK"]

1. e4 e6 2. d4 d5 3. Nc3 Nf6 4. e5 Nfd7 5. f4 c5 6. Nf3 Nc6 7. Be3 a6 8. Qd2 b5 9. a3 Qb6 10. Be2 cxd4 11. Nxd4 Nxd4 12. Bxd4 Bc5 13. Rd1 Bb7 14. 0-0 Bxd4+ 15. Qxd4 Rc8 16. Rfe1 0-0 17. Qxb6 Nxb6 18. Rd2 Rfd8 19. Rd4 Bc6 1/2-1/2

[Event "SVK-chT1E 1617"]
[Site "Slovakia"]
[Date "2017.02.25"]
[Round "8.1"]
[White "Nayhebaver, Martin"]
[Black "Sorkovsky, Miroslav"]
[Result "1-0"]
[WhiteElo "2437"]
[BlackElo "2172"]
[PlyCount "91"]
[EventDate "2016.10.15"]
[EventType "team-tourn"]
[EventRounds "11"]
[EventCountry "SVK"]
[SourceTitle "EXT 2018"]
[Source "ChessBase"]
[SourceDate "2017.10.13"]
[SourceVersion "1"]
[SourceVersionDate "2017.10.13"]
[SourceQuality "1"]
[WhiteTeam "Kosice Slavia TU"]
[BlackTeam "Banska Bystrica Junior"]
[WhiteTeamCountry "SVK"]
[BlackTeamCountry "SVK"]

1. e4 c5 2. Nf3 g6 3. d4 cxd4 4. Nxd4 Nc6 5. Nc3 Bg7 6. Be3 Nf6 7. Bc4 Qa5 8. 0-0 0-0 9. Nb3 Qc7 10. Bg5 a6 11. a4 d6 12. Bxf6 exf6 13. Nd5 Qd8 14. c3 f5 15. exf5 Bxf5 16. a5 Re8 17. Ra4 Rc8 18. Be2 h5 19. f4 Be4 20. Bf3 Bxf3 21. Qxf3 f5 22. Rd1 Qh4 23. Qf2 Qxf2+ 24. Kxf2 Re6 25. Nd2 Rce8 26. Nc7 Re2+ 27. Kf1 R8e7 28. Nd5 Re8 29. Ra3 h4 30. h3 Kf8 31. Raa1 Kf7 32. Nc7 R8e7 33. Nc4 Rc2 34. Nd5 Ree2 35. Nde3 Rf2+ 36. Kg1 Rce2 37. Rf1 Rxf1+ 38. Kxf1 Rxe3 39. Nxe3 Ke6 40. Ke2 d5 41. Kd3 Bh6 42. Ra4 Bf8 43. Nc2 Bc5 44. Ra1 Bd6 45. Nd4+ Nxd4 46. Re1+ 1-0

[Event "SVK-chT1E 1617"]
[Site "Slovakia"]
[Date "2016.11.20"]
[Round "4.1"]
[White "Dors, Ryszard"]
[Black "Sorkovsky, Miroslav"]
[Result "1-0"]
[WhiteElo "2154"]
[BlackElo "2172"]
[PlyCount "69"]
[EventDate "2016.10.15"]
[EventType "team-tourn"]
[EventRounds "11"]
[EventCountry "SVK"]
[SourceTitle "EXT 2018"]
[Source "ChessBase"]
[SourceDate "2017.10.13"]
[SourceVersion "1"]
[SourceVersionDate "2017.10.13"]
[SourceQuality "1"]
[WhiteTeam "Bardejov"]
[BlackTeam "Banska Bystrica Junior"]
[WhiteTeamCountry "SVK"]
[BlackTeamCountry "SVK"]

1. Nf3 d5 2. g3 Nf6 3. Bg2 c6 4. c4 Bf5 5. cxd5 cxd5 6. Qb3 Qc8 7. Nc3 e6 8. d3 Nc6 9. 0-0 Be7 10. Bf4 0-0 11. Rac1 Qd7 12. e4 Bg6 13. Rfe1 d4 14. Ne2 Bh5 15. Ne5 Nxe5 16. Bxe5 Bxe2 17. Rxe2 Rfc8 18. Rec2 Rc6 19. Rxc6 bxc6 20. Rc4 c5 21. Bh3 Bd6 22. Bxd6 Qxd6 23. Qb7 Rb8 24. Qxa7 Nd7 25. Qa3 g5 26. b3 Kg7 27. Qc1 h6 28. f4 f6 29. e5 fxe5 30. fxg5 e4 31. gxh6+ Kh7 32. dxe4 d3 33. Qf4 Ne5 34. Qf6 Rb7 35. Bxe6 1-0

[Event "SVK-chT1E 1617"]
[Site "Slovakia"]
[Date "2016.10.16"]
[Round "2.2"]
[White "Sorkovsky, Miroslav"]
[Black "Palecek, Peter"]
[Result "1/2-1/2"]
[WhiteElo "2172"]
[BlackElo "2240"]
[PlyCount "25"]
[EventDate "2016.10.15"]
[EventType "team-tourn"]
[EventRounds "11"]
[EventCountry "SVK"]
[SourceTitle "CBM 175 Extra"]
[Source "ChessBase"]
[SourceDate "2016.12.12"]
[SourceVersion "1"]
[SourceVersionDate "2016.12.12"]
[SourceQuality "1"]
[WhiteTeam "Banska Bystrica Junior"]
[BlackTeam "Liptov Chess School II"]
[WhiteTeamCountry "SVK"]
[BlackTeamCountry "SVK"]

1. e4 e5 2. Bc4 Nf6 3. d3 Nc6 4. Nf3 Be7 5. Bb3 d6 6. c3 0-0 7. Nbd2 Na5 8. Bc2 c5 9. a3 Nc6 10. b4 b5 11. 0-0 Qc7 12. h3 Bd7 13. Rb1 1/2-1/2

[Event "SVK-chT1E 1516"]
[Site "Slovakia"]
[Date "2016.01.23"]
[Round "7.1"]
[White "Sorkovsky, Miroslav"]
[Black "Brhel, Jan"]
[Result "1-0"]
[WhiteElo "2178"]
[BlackElo "2145"]
[PlyCount "45"]
[EventDate "2015.10.24"]
[EventType "team-tourn"]
[EventRounds "11"]
[EventCountry "SVK"]
[SourceTitle "CBM 170 Extra"]
[Source "ChessBase"]
[SourceDate "2016.02.25"]
[SourceVersion "1"]
[SourceVersionDate "2016.02.25"]
[SourceQuality "1"]
[WhiteTeam "Banska Bystrica Junior"]
[BlackTeam "Zilina Mladost II"]
[WhiteTeamCountry "SVK"]
[BlackTeamCountry "SVK"]

1. e4 e6 2. d4 d5 3. Nc3 dxe4 4. Nxe4 Nd7 5. Nf3 Ngf6 6. Bg5 Be7 7. Nxf6+ Bxf6 8. h4 h6 9. Be3 c5 10. Qd2 a6 11. 0-0-0 cxd4 12. Bxd4 Qc7 13. g4 Bxd4 14. Qxd4 0-0 15. Bg2 e5 16. Qd6 Qc4 17. Kb1 Qxg4 18. Nxe5 Nxe5 19. Qxe5 Qxg2 20. Rhg1 f6 21. Qe7 Bh3 22. Rxg2 Bxg2 23. Rd7 1-0

[Event "SVK-chT1E 1516"]
[Site "Slovakia"]
[Date "2015.12.13"]
[Round "6.2"]
[White "Pechac, Jergus"]
[Black "Sorkovsky, Miroslav"]
[Result "1-0"]
[WhiteElo "2491"]
[BlackElo "2178"]
[PlyCount "85"]
[EventDate "2015.10.24"]
[EventType "team-tourn"]
[EventRounds "11"]
[EventCountry "SVK"]
[SourceTitle "CBM 170 Extra"]
[Source "ChessBase"]
[SourceDate "2016.02.25"]
[SourceVersion "1"]
[SourceVersionDate "2016.02.25"]
[SourceQuality "1"]
[WhiteTeam "Zilina Mladost"]
[BlackTeam "Banska Bystrica Junior"]
[WhiteTeamCountry "SVK"]
[BlackTeamCountry "SVK"]

1. e4 c5 2. Nf3 d6 3. d4 cxd4 4. Nxd4 Nf6 5. Nc3 a6 6. Be2 e5 7. Nb3 Be7 8. 0-0 Be6 9. f4 Qc7 10. Be3 Nbd7 11. Nd5 Bxd5 12. exd5 0-0 13. c4 a5 14. Rc1 b6 15. Bd3 Rfe8 16. Nd2 Nc5 17. Bb1 e4 18. Kh1 Qd7 19. Bxc5 bxc5 20. Bxe4 Nxe4 21. Nxe4 f5 22. Nc3 Bf6 23. Qd2 Bxc3 24. Qxc3 Qa4 25. Rce1 Qb4 26. Qc1 Rab8 27. b3 a4 28. bxa4 Qxa4 29. Rxe8+ Rxe8 30. Re1 Re4 31. Rxe4 fxe4 32. Qb1 Qxc4 33. Qb8+ Kf7 34. Qc7+ Ke8 35. Qc8+ Kf7 36. Qe6+ Kf8 37. Qxd6+ Kf7 38. h3 Qd4 39. Qe6+ Kf8 40. d6 Qf6 41. Qc8+ Kf7 42. d7 Qxf4 43. Qe8+ 1-0

[Event "SVK-chT1E 1516"]
[Site "Slovakia"]
[Date "2015.11.14"]
[Round "3.1"]
[White "Sorkovsky, Miroslav"]
[Black "Holtman, Teodor"]
[Result "0-1"]
[WhiteElo "2178"]
[BlackElo "2213"]
[PlyCount "66"]
[EventDate "2015.10.24"]
[EventType "team-tourn"]
[EventRounds "11"]
[EventCountry "SVK"]
[SourceTitle "CBM 169 Extra"]
[Source "ChessBase"]
[SourceDate "2015.12.18"]
[SourceVersion "1"]
[SourceVersionDate "2015.12.18"]
[SourceQuality "1"]
[WhiteTeam "Banska Bystrica Junior"]
[BlackTeam "Bardejov"]
[WhiteTeamCountry "SVK"]
[BlackTeamCountry "SVK"]

1. e4 c5 2. Nf3 Nc6 3. d4 cxd4 4. Nxd4 g6 5. c4 Nf6 6. Nc3 Nxd4 7. Qxd4 d6 8. f3 Bg7 9. Be3 0-0 10. Qd2 a5 11. Na4 Be6 12. Nb6 Rb8 13. Qxa5 Nd7 14. Qb4 Ne5 15. Be2 f5 16. exf5 gxf5 17. 0-0 f4 18. Bf2 Qe8 19. Nd5 Qf7 20. Rfd1 b5 21. Nxe7+ Qxe7 22. cxb5 Qg5 23. Rxd6 Bh3 24. Qb3+ Kh8 25. Bf1 Rxb5 26. Qxb5 Nxf3+ 27. Kh1 Bxg2+ 28. Bxg2 Qxb5 29. Bxf3 Qxb2 30. Rf1 Qa3 31. Bc5 Qxc5 32. Rd5 Qc4 33. Rf2 Bd4 0-1

[Event "Tatry op"]
[Site "Tatranske Zruby"]
[Date "2015.10.02"]
[Round "8"]
[White "Mosny, Jaroslav"]
[Black "Sorkovsky, Miroslav"]
[Result "0-1"]
[WhiteElo "1976"]
[BlackElo "2176"]
[PlyCount "52"]
[EventDate "2015.09.26"]
[EventType "swiss"]
[EventRounds "9"]
[EventCountry "SVK"]
[SourceTitle "CBM 168 Extra"]
[Source "ChessBase"]
[SourceDate "2015.10.29"]
[SourceVersion "1"]
[SourceVersionDate "2015.10.29"]
[SourceQuality "1"]

1. c4 e5 2. Nc3 Bb4 3. g3 Bxc3 4. dxc3 d6 5. Bg2 Nf6 6. Nf3 Nc6 7. 0-0 Be6 8. b3 h6 9. Ne1 Qd7 10. Nc2 Bh3 11. Ne3 Bxg2 12. Kxg2 0-0 13. Nd5 Nh7 14. e4 Ne7 15. Nxe7+ Qxe7 16. Be3 b6 17. Qd3 a5 18. a4 Nf6 19. Rae1 Rfe8 20. Bc1 Nd7 21. Be3 Rab8 22. Rb1 Kh8 23. b4 Ra8 24. b5 Rac8 25. Rbd1 Nf6 26. f3 Qe6 0-1

[Event "Tatry op"]
[Site "Tatranske Zruby"]
[Date "2015.09.26"]
[Round "1"]
[White "Sorkovsky, Miroslav"]
[Black "Marek, Matyas"]
[Result "0-1"]
[WhiteElo "2176"]
[BlackElo "2398"]
[PlyCount "82"]
[EventDate "2015.09.26"]
[EventType "swiss"]
[EventRounds "9"]
[EventCountry "SVK"]
[SourceTitle "CBM 168 Extra"]
[Source "ChessBase"]
[SourceDate "2015.10.29"]
[SourceVersion "1"]
[SourceVersionDate "2015.10.29"]
[SourceQuality "1"]

1. e4 c5 2. Nc3 a6 3. f4 b5 4. g3 Bb7 5. Bg2 e6 6. d3 b4 7. Nce2 d5 8. e5 Ne7 9. Nf3 h5 10. Be3 Nf5 11. Bf2 d4 12. 0-0 Nc6 13. Ng5 Qb6 14. c4 Be7 15. Ne4 f6 16. exf6 gxf6 17. Nc1 0-0-0 18. Qe2 Ng7 19. a3 a5 20. axb4 axb4 21. Nb3 h4 22. gxh4 Rdg8 23. Kh1 Kd7 24. Rae1 Nd8 25. Bf3 Bc6 26. Rg1 f5 27. Ng5 Nh5 28. Bg3 Nxg3+ 29. hxg3 Bxg5 30. fxg5 Rxg5 31. Bxc6+ Qxc6+ 32. Kh2 f4 33. Qe4 Qd6 34. Rg2 fxg3+ 35. Kg1 Rgh5 36. Ra1 Nc6 37. Qg6 Rxh4 38. Qg7+ Kc8 39. Ra8+ Nb8 40. Qxg3 Rh1+ 41. Kf2 Qf8+ 0-1

[Event "SVK-chT1E 1415"]
[Site "Slovakia"]
[Date "2015.02.28"]
[Round "8.2"]
[White "Kalata, Peter"]
[Black "Sorkovsky, Miroslav"]
[Result "0-1"]
[WhiteElo "2206"]
[BlackElo "2204"]
[PlyCount "47"]
[EventDate "2014.10.18"]
[EventType "team-tourn"]
[EventRounds "11"]
[EventCountry "SVK"]
[SourceTitle "EXT 2016"]
[Source "ChessBase"]
[SourceDate "2015.10.08"]
[SourceVersion "1"]
[SourceVersionDate "2015.10.08"]
[SourceQuality "1"]
[WhiteTeam "Bardejov"]
[BlackTeam "Banska Bystrica CVC"]
[WhiteTeamCountry "SVK"]
[BlackTeamCountry "SVK"]

1. e4 c5 2. Nf3 Nc6 3. d4 cxd4 4. Nxd4 g6 5. Be3 Bg7 6. Nc3 Nf6 7. Bc4 0-0 8. Bb3 a5 9. f3 d5 10. exd5 Nb4 11. Ndb5 a4 12. Bc4 Bf5 13. Rc1 Rc8 14. b3 axb3 15. axb3 e6 16. d6 Nfd5 17. Bd4 Nxc2+ 18. Rxc2 Bxc2 19. Qxc2 Bxd4 20. Ne4 Qa5+ 21. Qd2 Qa1+ 22. Ke2 Qxh1 23. Qxd4 Qxg2+ 24. Kd1 0-1

[Event "SVK-chT1E 1314"]
[Site "Slovakia"]
[Date "2014.03.23"]
[Round "11.5"]
[White "Sorkovsky, Miroslav"]
[Black "Palecek, Peter"]
[Result "1/2-1/2"]
[WhiteElo "2209"]
[BlackElo "2212"]
[PlyCount "22"]
[EventDate "2013.10.12"]
[EventType "team-tourn"]
[EventRounds "11"]
[EventCountry "SVK"]
[SourceTitle "EXT 2015"]
[Source "ChessBase"]
[SourceDate "2014.11.20"]
[SourceVersion "1"]
[SourceVersionDate "2014.11.20"]
[SourceQuality "1"]
[WhiteTeam "Banska Bystrica TH"]
[BlackTeam "Liptov Chess School"]
[WhiteTeamCountry "SVK"]
[BlackTeamCountry "SVK"]

1. e4 e5 2. Nf3 Nf6 3. Nxe5 d6 4. Nf3 Nxe4 5. Nc3 Nxc3 6. dxc3 Be7 7. Be3 Nc6 8. Qd2 h6 9. 0-0-0 Be6 10. Nd4 Nxd4 11. cxd4 d5 1/2-1/2

[Event "SVK-chT1E 1314"]
[Site "Slovakia"]
[Date "2014.03.02"]
[Round "9.1"]
[White "Sorkovsky, Miroslav"]
[Black "Dors, Ryszard"]
[Result "0-1"]
[WhiteElo "2209"]
[BlackElo "2228"]
[PlyCount "90"]
[EventDate "2013.10.12"]
[EventType "team-tourn"]
[EventRounds "11"]
[EventCountry "SVK"]
[SourceTitle "EXT 2015"]
[Source "ChessBase"]
[SourceDate "2014.11.20"]
[SourceVersion "1"]
[SourceVersionDate "2014.11.20"]
[SourceQuality "1"]
[WhiteTeam "Banska Bystrica TH"]
[BlackTeam "Bardejov"]
[WhiteTeamCountry "SVK"]
[BlackTeamCountry "SVK"]

1. e4 c6 2. d4 d5 3. exd5 cxd5 4. Bd3 Nc6 5. c3 g6 6. Bf4 Nh6 7. Nf3 f6 8. 0-0 Nf7 9. Re1 Bg7 10. c4 g5 11. cxd5 Qxd5 12. Nc3 Qd8 13. Be3 g4 14. Nh4 Qa5 15. d5 Nce5 16. Bb5+ Kf8 17. f4 gxf3 18. Nxf3 Nxf3+ 19. Qxf3 h5 20. Bc5 Nd6 21. Qe3 Qc7 22. Bxa7 Bh6 23. Qc5 Nxb5 24. Nxb5 Qd7 25. Bb6 Bf4 26. Nc7 Bd6 27. Ne6+ Kf7 28. Qe3 Qa4 29. Bd4 Qc4 30. Qb3 Qxb3 31. axb3 Rxa1 32. Rxa1 Bxe6 33. dxe6+ Kxe6 34. Ra7 Rb8 35. Bb6 Kd5 36. Ra4 e5 37. Rh4 Rh8 38. Kf2 f5 39. h3 f4 40. g4 fxg3+ 41. Kxg3 e4+ 42. Kf2 Rf8+ 43. Ke3 Rf3+ 44. Ke2 Rf5 45. Ke3 Bg3 0-1